[Event "Tournoi MI ECAM LaSalle Lyon 2024"]
[Site "France, Lyon"]
[Date "2024.04.25"]
[Round "6.4"]
[White "Dgebuadze, Alexandre"]
[Black "Flear, Glenn C"]
[Result "1-0"]
[WhiteElo "2449"]
[BlackElo "2400"]
[PlyCount "59"]
[EventDate "2024.04.??"]
[EventType "tourn"]

1. c4 {[%emt 0:00:26]} e6 {[%emt 0:00:25]} 2. d4 {[%emt 0:00:24]} d5 {
[%emt 0:00:09]} 3. Nc3 {[%emt 0:00:05]} Nf6 {[%emt 0:01:40]} 4. cxd5 {
[%emt 0:00:44]} exd5 {[%emt 0:00:13]} 5. Bg5 {[%emt 0:00:08]} Be7 {
[%emt 0:00:12]} 6. e3 {[%emt 0:00:12]} c6 {[%emt 0:00:28]} 7. Qc2 {
[%emt 0:01:01]} Nbd7 {[%emt 0:00:27]} 8. Bd3 {[%emt 0:00:15]} Nh5 {
[%emt 0:02:30]} 9. Bxe7 {[%emt 0:00:16]} Qxe7 {[%emt 0:00:06]} 10. O-O-O {
[%emt 0:00:12]} Nb6 {[%emt 0:00:20]} 11. Kb1 {[%emt 0:00:37]} Bd7 {
[%emt 0:02:03]} 12. h3 {[%emt 0:00:36]} g6 {[%emt 0:01:28]} 13. g4 {
[%emt 0:00:11]} Ng7 {[%emt 0:01:15]} 14. Nf3 {[%emt 0:00:14]} O-O-O {
[%emt 0:00:59]} 15. Ka1 {[%emt 0:07:04]} Kb8 {[%emt 0:00:36]} 16. Rhe1 {
[%emt 0:06:29]} h5 {[%emt 0:11:44]} 17. Ne5 {[%emt 0:02:08]} hxg4 {
[%emt 0:00:40]} 18. hxg4 {[%emt 0:00:06]} Rh2 {[%emt 0:01:06]} 19. e4 {
[%emt 0:06:14]} Ne6 {[%emt 0:09:13]} 20. exd5 {[%emt 0:02:47]} Nxd5 {
[%emt 0:04:38]} 21. Nxd5 {[%emt 0:02:44]} cxd5 {[%emt 0:00:06]} 22. Qe2 {
[%emt 0:12:34]} Qf6 {[%emt 0:13:54]} 23. Nxf7 {[%emt 0:08:15]} Nxd4 {
[%emt 0:10:10]} 24. g5 {[%emt 0:12:35]} Qf4 {[%emt 0:19:14]} 25. Qe3 {
[%emt 0:02:26]} Qxf7 {[%emt 0:01:40]} 26. Qe5+ {[%emt 0:00:27]} Ka8 {
[%emt 0:00:37]} 27. Qxh2 {[%emt 0:00:08]} Nf3 {[%emt 0:07:16]} 28. Qc7 {
[%emt 0:03:45]} Rc8 {[%emt 0:00:11]} 29. Bxg6 {[%emt 0:00:59]} Qg7 {
[%emt 0:01:47]} 30. Re8 {[%emt 0:00:53]} 1-0

[Event "Tournoi MI ECAM LaSalle Lyon 2024"]
[Site "France, Lyon"]
[Date "2024.04.25"]
[Round "6.5"]
[White "Dudognon, Thibault"]
[Black "Prie, Eric"]
[Result "1/2-1/2"]
[WhiteElo "2415"]
[BlackElo "2335"]
[PlyCount "39"]
[EventDate "2024.04.??"]
[EventType "tourn"]

1. e4 {[%emt 0:00:02]} d5 {[%emt 0:00:09]} 2. exd5 {[%emt 0:00:09]} Qxd5 {
[%emt 0:00:10]} 3. h3 {[%emt 0:00:06]} Nc6 {[%emt 0:12:06]} 4. Nf3 {
[%emt 0:00:45]} Bf5 {[%emt 0:00:37]} 5. Nc3 {[%emt 0:00:31]} Qd6 {
[%emt 0:01:01]} 6. Bc4 {[%emt 0:02:23]} e6 {[%emt 0:04:16]} 7. d3 {
[%emt 0:00:08]} O-O-O {[%emt 0:02:52]} 8. Be3 {[%emt 0:03:39]} a6 {
[%emt 0:05:45]} 9. Qe2 {[%emt 0:05:15]} Nf6 {[%emt 0:03:10]} 10. Rd1 {
[%emt 0:04:06]} h6 {[%emt 0:04:39]} 11. a3 {[%emt 0:02:00]} Be7 {[%emt 0:17:05]
} 12. b4 {[%emt 0:06:09]} Nd5 {[%emt 0:00:19]} 13. Ne4 {[%emt 0:01:24]} Bxe4 {
[%emt 0:00:19]} 14. dxe4 {[%emt 0:00:31]} Nc3 {[%emt 0:00:09]} 15. Rxd6 {
[%emt 0:00:47]} Rxd6 {[%emt 0:00:27]} 16. Qd3 {[%emt 0:12:07]} Rxd3 {
[%emt 0:01:02]} 17. Bxd3 {[%emt 0:00:05]} Rd8 {[%emt 0:09:00]} 18. O-O {
[%emt 0:04:18]} Bf6 {[%emt 0:00:31]} 19. Re1 {[%emt 0:01:03]} Nb5 {
[%emt 0:03:02]} 20. Bc1 {[%emt 0:06:42]} 1/2-1/2

[Event "Tournoi MI ECAM LaSalle Lyon 2024"]
[Site "France, Lyon"]
[Date "2024.04.26"]
[Round "7.4"]
[White "Flear, Glenn C"]
[Black "Dudognon, Thibault"]
[Result "1/2-1/2"]
[WhiteElo "2400"]
[BlackElo "2415"]
[PlyCount "52"]
[EventDate "2024.04.??"]
[EventType "tourn"]

1. d4 {[%emt 0:00:04]} Nf6 {[%emt 0:00:15]} 2. c4 {[%emt 0:00:13]} c5 {
[%emt 0:00:06]} 3. d5 {[%emt 0:00:08]} b5 {[%emt 0:00:05]} 4. cxb5 {
[%emt 0:00:41]} a6 {[%emt 0:00:10]} 5. bxa6 {[%emt 0:03:09]} e6 {[%emt 0:00:20]
} 6. Nc3 {[%emt 0:03:32]} exd5 {[%emt 0:00:07]} 7. Nxd5 {[%emt 0:00:11]} Be7 {
[%emt 0:00:09]} 8. Nf3 {[%emt 0:07:07]} O-O {[%emt 0:04:46]} 9. Nxe7+ {
[%emt 0:10:52]} Qxe7 {[%emt 0:00:14]} 10. e3 {[%emt 0:00:10]} Rxa6 {
[%emt 0:00:08]} 11. Be2 {[%emt 0:02:06]} Rd6 {[%emt 0:00:12]} 12. Qa4 {
[%emt 0:08:27]} Ne4 {[%emt 0:02:16]} 13. O-O {[%emt 0:05:39]} Rg6 {
[%emt 0:00:29]} 14. Bd2 {[%emt 0:08:38]} Bb7 {[%emt 0:04:51]} 15. Rad1 {
[%emt 0:11:44]} Qf6 {[%emt 0:19:52]} 16. g3 {[%emt 0:08:39]} h5 {[%emt 0:08:26]
} 17. Ne1 {[%emt 0:06:57]} Qxb2 {[%emt 0:06:48]} 18. Nd3 {[%emt 0:04:29]} Nc3 {
[%emt 0:06:06]} 19. Bxc3 {[%emt 0:01:26]} Qxe2 {[%emt 0:00:07]} 20. Ne5 {
[%emt 0:02:18]} Ra6 {[%emt 0:13:14]} 21. Qb3 {[%emt 0:00:40]} Ra7 {
[%emt 0:00:50]} 22. Qb6 {[%emt 0:06:35]} Qa6 {[%emt 0:11:12]} 23. Qxc5 {
[%emt 0:00:30]} Rc8 {[%emt 0:02:04]} 24. Qe7 {[%emt 0:02:48]} Qe6 {
[%emt 0:09:41]} 25. Qxe6 {[%emt 0:00:22]} dxe6 {[%emt 0:00:07]} 26. Bd4 {
[%emt 0:00:22]} Rxa2 {[%emt 0:00:33]} 1/2-1/2

[Event "Tournoi MI ECAM LaSalle Lyon 2024"]
[Site "France, Lyon"]
[Date "2024.04.26"]
[Round "7.3"]
[White "Peng, Li Min"]
[Black "Song, Julien"]
[Result "1/2-1/2"]
[WhiteElo "2544"]
[BlackElo "2311"]
[PlyCount "33"]
[EventDate "2024.04.??"]
[EventType "tourn"]

1. e4 {[%emt 0:00:50]} e6 {[%emt 0:01:31]} 2. d4 {[%emt 0:00:30]} d5 {
[%emt 0:00:05]} 3. exd5 {[%emt 0:00:51]} exd5 {[%emt 0:00:05]} 4. Nf3 {
[%emt 0:00:07]} Bd6 {[%emt 0:00:11]} 5. c4 {[%emt 0:00:08]} Nf6 {[%emt 0:00:20]
} 6. c5 {[%emt 0:01:08]} Be7 {[%emt 0:00:13]} 7. Bd3 {[%emt 0:00:15]} b6 {
[%emt 0:03:57]} 8. cxb6 {[%emt 0:00:07]} axb6 {[%emt 0:00:33]} 9. O-O {
[%emt 0:00:14]} O-O {[%emt 0:02:26]} 10. Nc3 {[%emt 0:08:48]} c5 11. h3 {
[%emt 0:00:06]} Nc6 {[%emt 0:23:39]} 12. Re1 {[%emt 0:00:04]} h6 {
[%emt 0:04:58]} 13. Bf4 {[%emt 0:10:09]} Bd6 {[%emt 0:02:12]} 14. Be5 {
[%emt 0:00:08]} Be6 {[%emt 0:01:53]} 15. Rc1 {[%emt 0:12:31]} Bxe5 {
[%emt 0:06:48]} 16. dxe5 {[%emt 0:00:07]} Nd7 {[%emt 0:00:12]} 17. a3 {
[%emt 0:04:06]} 1/2-1/2

[Event "Tournoi MI ECAM LaSalle Lyon 2024"]
[Site "France, Lyon"]
[Date "2024.04.26"]
[Round "7.5"]
[White "Prie, Eric"]
[Black "Waldhausen Gordon, Frederick"]
[Result "1/2-1/2"]
[WhiteElo "2335"]
[BlackElo "2362"]
[PlyCount "44"]
[EventDate "2024.04.??"]
[EventType "tourn"]

1. d4 {[%emt 0:00:03]} d5 {[%emt 0:00:02]} 2. Nf3 {[%emt 0:00:13]} Nf6 {
[%emt 0:00:05]} 3. Bf4 {[%emt 0:00:06]} c5 {[%emt 0:00:05]} 4. e3 {
[%emt 0:00:09]} Nc6 {[%emt 0:00:11]} 5. Nbd2 {[%emt 0:02:12]} Qb6 {
[%emt 0:00:46]} 6. dxc5 {[%emt 0:00:08]} Qxb2 {[%emt 0:00:04]} 7. Rb1 {
[%emt 0:00:06]} Qc3 {[%emt 0:00:04]} 8. Bb5 {[%emt 0:00:06]} g6 {[%emt 0:00:09]
} 9. e4 {[%emt 0:31:48]} dxe4 {[%emt 0:00:21]} 10. Be5 {[%emt 0:00:08]} Qa5 {
[%emt 0:00:07]} 11. O-O {[%emt 0:00:53]} exf3 {[%emt 0:00:20]} 12. Qxf3 {
[%emt 0:13:22]} Qxb5 {[%emt 0:00:17]} 13. Bxf6 {[%emt 0:03:14]} Qxb1 {
[%emt 0:00:15]} 14. Rxb1 {[%emt 0:00:52]} exf6 {[%emt 0:00:07]} 15. Qxf6 {
[%emt 0:02:07]} Rg8 {[%emt 0:00:14]} 16. Ne4 {[%emt 0:07:41]} Be7 {
[%emt 0:00:08]} 17. Nd6+ {[%emt 0:00:47]} Bxd6 {[%emt 0:00:07]} 18. cxd6 {
[%emt 0:00:08]} Rb8 {[%emt 0:00:04]} 19. Re1+ {[%emt 0:03:18]} Be6 {
[%emt 0:00:07]} 20. Rxe6+ {[%emt 0:00:44]} fxe6 {[%emt 0:00:05]} 21. Qxe6+ {
[%emt 0:00:11]} Kf8 {[%emt 0:00:01]} 22. Qf6+ {[%emt 0:00:11]} Ke8 {
[%emt 0:00:04]} 1/2-1/2

[Event "Tournoi MI ECAM LaSalle Lyon 2024"]
[Site "France, Lyon"]
[Date "2024.04.26"]
[Round "7.1"]
[White "Roux, Baptiste"]
[Black "Breuil, Tristan"]
[Result "1-0"]
[WhiteElo "2361"]
[BlackElo "2281"]
[PlyCount "67"]
[EventDate "2024.04.??"]
[EventType "tourn"]

1. e4 {[%emt 0:00:05]} c5 {[%emt 0:00:34]} 2. Nf3 {[%emt 0:00:11]} d6 {
[%emt 0:00:05]} 3. d4 {[%emt 0:00:27]} cxd4 {[%emt 0:00:06]} 4. Nxd4 {
[%emt 0:00:03]} Nf6 {[%emt 0:00:07]} 5. Nc3 {[%emt 0:00:54]} a6 {[%emt 0:00:05]
} 6. Nf3 {[%emt 0:00:28]} Nc6 {[%emt 0:06:39]} 7. Bf4 {[%emt 0:00:17]} Bg4 {
[%emt 0:27:42]} 8. h3 {[%emt 0:00:36]} Bxf3 {[%emt 0:00:50]} 9. Qxf3 {
[%emt 0:00:07]} Ne5 {[%emt 0:02:50]} 10. Qe3 {[%emt 0:04:07]} e6 {
[%emt 0:02:55]} 11. O-O-O {[%emt 0:03:24]} Qa5 {[%emt 0:04:05]} 12. Kb1 {
[%emt 0:02:37]} Be7 {[%emt 0:00:40]} 13. Bg3 {[%emt 0:21:34]} O-O {
[%emt 0:10:26]} 14. f4 {[%emt 0:01:26]} Nc6 {[%emt 0:00:36]} 15. Be1 {
[%emt 0:05:56]} Qc7 {[%emt 0:03:08]} 16. g4 {[%emt 0:01:15]} b5 {[%emt 0:09:07]
} 17. g5 {[%emt 0:10:39]} Nd7 {[%emt 0:00:29]} 18. h4 {[%emt 0:13:12]} Rac8 {
[%emt 0:00:32]} 19. Bd3 {[%emt 0:03:19]} Nc5 {[%emt 0:10:01]} 20. h5 {
[%emt 0:01:00]} f6 {[%emt 0:07:04]} 21. gxf6 {[%emt 0:08:00]} Rxf6 {
[%emt 0:04:07]} 22. Bh4 {[%emt 0:00:49]} Rff8 {[%emt 0:01:34]} 23. Rdg1 {
[%emt 0:01:13]} Bxh4 {[%emt 0:04:18]} 24. Rxh4 {[%emt 0:00:07]} Nxd3 {
[%emt 0:00:30]} 25. Qxd3 {[%emt 0:02:04]} b4 {[%emt 0:00:24]} 26. Ne2 {
[%emt 0:00:49]} Rf7 {[%emt 0:03:07]} 27. Rhg4 {[%emt 0:01:43]} h6 {
[%emt 0:00:02]} 28. Rg6 {[%emt 0:00:39]} e5 {[%emt 0:01:43]} 29. f5 {
[%emt 0:02:25]} Kh7 30. Qg3 {[%emt 0:01:38]} Kh8 {[%emt 0:00:56]} 31. f6 {
[%emt 0:01:09]} Rxf6 {[%emt 0:00:24]} 32. Rxf6 {[%emt 0:00:22]} Nd4 {
[%emt 0:00:51]} 33. Nxd4 {[%emt 0:00:20]} exd4 {[%emt 0:00:03]} 34. Qf2 {
[%emt 0:02:29]} 1-0

[Event "Tournoi MI ECAM LaSalle Lyon 2024"]
[Site "France, Lyon"]
[Date "2024.04.27"]
[Round "8.3"]
[White "Breuil, Tristan"]
[Black "Peng, Li Min"]
[Result "1/2-1/2"]
[WhiteElo "2281"]
[BlackElo "2544"]
[PlyCount "97"]
[EventDate "2024.04.??"]
[EventType "tourn"]

1. e4 {[%emt 0:00:29]} e5 {[%emt 0:03:54]} 2. Nf3 {[%emt 0:00:06]} Nc6 {
[%emt 0:00:05]} 3. Bb5 {[%emt 0:00:05]} f5 {[%emt 0:01:29]} 4. d3 {
[%emt 0:01:04]} fxe4 {[%emt 0:00:59]} 5. dxe4 {[%emt 0:00:08]} Nf6 {
[%emt 0:00:04]} 6. O-O {[%emt 0:19:57]} d6 {[%emt 0:00:04]} 7. Bc4 {
[%emt 0:02:56]} Bg4 {[%emt 0:00:06]} 8. h3 {[%emt 0:00:09]} Bh5 {[%emt 0:00:05]
} 9. Nc3 {[%emt 0:00:11]} Qc8 {[%emt 0:00:04]} 10. Be3 {[%emt 0:19:04]} Be7 {
[%emt 0:00:40]} 11. Be2 {[%emt 0:05:33]} h6 {[%emt 0:01:15]} 12. Nh4 {
[%emt 0:03:23]} Bxe2 {[%emt 0:00:06]} 13. Qxe2 {[%emt 0:00:39]} O-O {
[%emt 0:00:05]} 14. Ng6 {[%emt 0:12:00]} Rf7 {[%emt 0:00:07]} 15. Qc4 {
[%emt 0:00:54]} Qe8 {[%emt 0:03:15]} 16. Nd5 Bd8 {[%emt 0:01:24]} 17. f4 {
[%emt 0:09:02]} exf4 {[%emt 0:00:12]} 18. Nxf6+ {[%emt 0:00:40]} Bxf6 {
[%emt 0:00:09]} 19. Nxf4 {[%emt 0:00:50]} Ne5 {[%emt 0:05:45]} 20. Qb3 {
[%emt 0:00:18]} Bg5 {[%emt 0:00:50]} 21. Nd5 {[%emt 0:01:03]} c6 {
[%emt 0:00:14]} 22. Rxf7 {[%emt 0:02:01]} Bxe3+ {[%emt 0:00:14]} 23. Nxe3 {
[%emt 0:01:55]} Qxf7 {[%emt 0:00:05]} 24. Nf5 {[%emt 0:00:51]} Qxb3 {
[%emt 0:00:38]} 25. axb3 {[%emt 0:00:12]} Nf7 {[%emt 0:00:02]} 26. Kf2 {
[%emt 0:06:15]} g6 {[%emt 0:00:05]} 27. Nd4 {[%emt 0:00:59]} a6 {[%emt 0:00:04]
} 28. Nf3 {[%emt 0:00:24]} Re8 {[%emt 0:00:05]} 29. Re1 {[%emt 0:00:16]} Kg7 {
[%emt 0:00:05]} 30. Ke3 {[%emt 0:00:43]} Kf6 {[%emt 0:00:31]} 31. Kd4 {
[%emt 0:07:36]} Ne5 {[%emt 0:00:41]} 32. Rf1 {[%emt 0:00:27]} Nxf3+ {
[%emt 0:01:28]} 33. Rxf3+ {[%emt 0:00:01]} Ke6 {[%emt 0:00:05]} 34. b4 {
[%emt 0:00:14]} Rc8 {[%emt 0:00:28]} 35. c3 {[%emt 0:02:44]} c5+ {
[%emt 0:00:21]} 36. bxc5 {[%emt 0:00:08]} dxc5+ {[%emt 0:00:01]} 37. Ke3 {
[%emt 0:00:57]} Rd8 {[%emt 0:00:05]} 38. Rg3 {[%emt 0:00:56]} g5 {
[%emt 0:00:20]} 39. h4 {[%emt 0:00:21]} c4 {[%emt 0:00:01]} 40. Rg4 {
[%emt 0:01:54]} Rd3+ {[%emt 0:01:02]} 41. Ke2 {[%emt 0:00:15]} Kf6 {
[%emt 0:00:04]} 42. hxg5+ {[%emt 0:01:56]} hxg5 {[%emt 0:00:03]} 43. e5+ {
[%emt 0:01:16]} Kxe5 {[%emt 0:00:04]} 44. Rxg5+ {[%emt 0:01:27]} Kf4 {
[%emt 0:00:04]} 45. Rc5 {[%emt 0:03:21]} b5 {[%emt 0:00:04]} 46. Rc6 {
[%emt 0:01:02]} Rg3 {[%emt 0:00:05]} 47. Kf2 {[%emt 0:00:58]} Rd3 {
[%emt 0:00:02]} 48. Ke2 {[%emt 0:00:22]} Rg3 {[%emt 0:00:01]} 49. Kf2 {
[%emt 0:03:17]} 1/2-1/2

[Event "Tournoi MI ECAM LaSalle Lyon 2024"]
[Site "France, Lyon"]
[Date "2024.04.27"]
[Round "8.1"]
[White "Waldhausen Gordon, Frederick"]
[Black "Flear, Glenn C"]
[Result "1/2-1/2"]
[WhiteElo "2362"]
[BlackElo "2400"]
[PlyCount "96"]
[EventDate "2024.04.??"]
[EventType "tourn"]

1. d4 d5 {[%emt 0:00:18]} 2. c4 {[%emt 0:00:04]} c6 {[%emt 0:00:22]} 3. Nc3 {
[%emt 0:00:04]} Nf6 {[%emt 0:00:13]} 4. e3 {[%emt 0:00:04]} e6 {[%emt 0:03:08]}
5. Nf3 {[%emt 0:00:24]} Nbd7 {[%emt 0:00:16]} 6. Be2 {[%emt 0:00:22]} Bd6 {
[%emt 0:01:46]} 7. O-O {[%emt 0:00:07]} O-O {[%emt 0:00:10]} 8. b3 {
[%emt 0:00:02]} Re8 {[%emt 0:00:50]} 9. Bb2 {[%emt 0:00:21]} Qe7 {
[%emt 0:01:05]} 10. Qc2 {[%emt 0:05:55]} dxc4 {[%emt 0:05:06]} 11. bxc4 {
[%emt 0:00:33]} e5 {[%emt 0:00:51]} 12. c5 {[%emt 0:04:56]} Bc7 {[%emt 0:03:44]
} 13. a4 {[%emt 0:11:46]} e4 {[%emt 0:06:16]} 14. Nd2 {[%emt 0:00:27]} Nf8 {
[%emt 0:00:53]} 15. Rae1 {[%emt 0:06:32]} Ng6 {[%emt 0:01:31]} 16. f3 {
[%emt 0:01:22]} exf3 {[%emt 0:18:03]} 17. Bxf3 {[%emt 0:00:18]} Ng4 {
[%emt 0:07:29]} 18. Bxg4 {[%emt 0:00:45]} Bxg4 {[%emt 0:02:25]} 19. Nf3 {
[%emt 0:00:53]} Rad8 {[%emt 0:05:32]} 20. Qf2 {[%emt 0:03:54]} Be6 {
[%emt 0:06:00]} 21. Kh1 {[%emt 0:09:15]} f5 {[%emt 0:03:13]} 22. e4 {
[%emt 0:05:17]} fxe4 {[%emt 0:02:48]} 23. Nxe4 {[%emt 0:00:58]} Qd7 {
[%emt 0:16:22]} 24. Ba3 Bd5 {[%emt 0:02:14]} 25. Nd6 {[%emt 0:00:39]} Rxe1 {
[%emt 0:09:26]} 26. Qxe1 {[%emt 0:01:29]} Rf8 {[%emt 0:02:19]} 27. Qg3 {
[%emt 0:12:15]} Bd8 {[%emt 0:01:58]} 28. Kg1 {[%emt 0:02:23]} Nf4 {
[%emt 0:06:54]} 29. Rf2 {[%emt 0:00:39]} Nd3 {[%emt 0:02:18]} 30. Ne5 {
[%emt 0:01:15]} Nxe5 {[%emt 0:00:22]} 31. Rxf8+ {[%emt 0:00:22]} Kxf8 {
[%emt 0:00:05]} 32. dxe5 {[%emt 0:00:07]} Kg8 {[%emt 0:00:53]} 33. Bc1 {
[%emt 0:01:20]} b6 {[%emt 0:00:53]} 34. Bh6 {[%emt 0:02:13]} bxc5 {
[%emt 0:00:59]} 35. h3 {[%emt 0:01:09]} Kh8 {[%emt 0:02:05]} 36. Qf4 {
[%emt 0:01:28]} gxh6 {[%emt 0:02:08]} 37. Qf8+ {[%emt 0:00:11]} Bg8 {
[%emt 0:00:05]} 38. e6 {[%emt 0:00:24]} Qxe6 {[%emt 0:00:10]} 39. Qxd8 {
[%emt 0:00:05]} Kg7 {[%emt 0:01:29]} 40. Qc7+ {[%emt 0:00:22]} Kg6 {
[%emt 0:00:20]} 41. Qxc6 {[%emt 0:00:13]} Qe1+ {[%emt 0:04:23]} 42. Kh2 {
[%emt 0:00:10]} Qe5+ {[%emt 0:00:16]} 43. Kh1 {[%emt 0:00:20]} Qe1+ {
[%emt 0:01:02]} 44. Kh2 {[%emt 0:00:06]} Qe5+ {[%emt 0:00:08]} 45. Kg1 {
[%emt 0:02:39]} Qe1+ {[%emt 0:03:00]} 46. Kh2 {[%emt 0:00:12]} Qe5+ {
[%emt 0:00:14]} 47. Kg1 {[%emt 0:00:01]} Bd5 48. Nc4+ {[%emt 0:00:04]} Qe6
1/2-1/2

[Event "Tournoi MI ECAM LaSalle Lyon 2024"]
[Site "France, Lyon"]
[Date "2024.04.27"]
[Round "8.2"]
[White "Song, Julien"]
[Black "Prie, Eric"]
[Result "0-1"]
[WhiteElo "2311"]
[BlackElo "2335"]
[PlyCount "96"]
[EventDate "2024.04.??"]
[EventType "tourn"]

1. d4 {[%emt 0:00:03]} d5 {[%emt 0:00:38]} 2. c4 {[%emt 0:00:09]} dxc4 {
[%emt 0:00:22]} 3. e4 {[%emt 0:00:12]} e5 {[%emt 0:00:16]} 4. Nf3 {
[%emt 0:00:19]} Bb4+ {[%emt 0:00:11]} 5. Nc3 {[%emt 0:00:31]} exd4 {
[%emt 0:00:25]} 6. Nxd4 {[%emt 0:00:50]} Nd7 {[%emt 0:00:32]} 7. Bxc4 {
[%emt 0:01:11]} Ngf6 {[%emt 0:01:30]} 8. f3 {[%emt 0:00:53]} O-O {
[%emt 0:04:06]} 9. Be2 {[%emt 0:00:09]} Ne5 {[%emt 0:02:12]} 10. O-O {
[%emt 0:02:08]} Bc5 {[%emt 0:38:04]} 11. Be3 {[%emt 0:02:45]} Nc6 {
[%emt 0:09:17]} 12. Nc2 {[%emt 0:06:35]} Qe7 {[%emt 0:01:08]} 13. Qc1 {
[%emt 0:26:54]} Rd8 {[%emt 0:07:28]} 14. Bxc5 {[%emt 0:06:19]} Qxc5+ {
[%emt 0:00:50]} 15. Qe3 {[%emt 0:00:14]} Qxe3+ {[%emt 0:00:52]} 16. Nxe3 {
[%emt 0:00:04]} Nd4 {[%emt 0:00:16]} 17. Bc4 {[%emt 0:09:23]} Be6 {
[%emt 0:00:37]} 18. Bxe6 {[%emt 0:02:50]} fxe6 {[%emt 0:00:19]} 19. e5 {
[%emt 0:05:30]} Nd7 {[%emt 0:03:06]} 20. f4 {[%emt 0:01:44]} Nc5 {
[%emt 0:00:39]} 21. Rad1 {[%emt 0:09:53]} a5 {[%emt 0:03:09]} 22. Ned5 {
[%emt 0:07:24]} exd5 {[%emt 0:16:29]} 23. Rxd4 {[%emt 0:00:11]} c6 {
[%emt 0:00:02]} 24. f5 {[%emt 0:07:07]} Nd7 {[%emt 0:00:54]} 25. Re1 {
[%emt 0:00:10]} Re8 {[%emt 0:03:22]} 26. e6 {[%emt 0:00:15]} Nf6 {
[%emt 0:00:06]} 27. g4 {[%emt 0:02:34]} g5 {[%emt 0:00:46]} 28. fxg6 {
[%emt 0:02:23]} hxg6 {[%emt 0:00:09]} 29. Rf4 {[%emt 0:00:06]} Nh7 {
[%emt 0:01:32]} 30. Rf7 {[%emt 0:03:18]} Rxe6 {[%emt 0:02:46]} 31. Ref1 {
[%emt 0:01:07]} b5 {[%emt 0:01:13]} 32. Rc7 {[%emt 0:02:22]} Rf8 {
[%emt 0:00:15]} 33. Rxf8+ {[%emt 0:00:42]} Nxf8 {[%emt 0:00:06]} 34. Kf2 {
[%emt 0:00:26]} d4 {[%emt 0:01:18]} 35. Ne2 {[%emt 0:00:56]} d3 {[%emt 0:00:06]
} 36. Nc3 {[%emt 0:00:08]} b4 {[%emt 0:00:38]} 37. Nd1 {[%emt 0:00:46]} d2 {
[%emt 0:00:42]} 38. h4 {[%emt 0:00:35]} Re1 {[%emt 0:00:17]} 39. Rxc6 {
[%emt 0:00:23]} Rxd1 {[%emt 0:00:11]} 40. Ke2 {[%emt 0:00:40]} Rb1 {
[%emt 0:00:38]} 41. Kxd2 {[%emt 0:00:48]} Rxb2+ {[%emt 0:00:11]} 42. Rc2 {
[%emt 0:00:47]} Rxc2+ {[%emt 0:00:37]} 43. Kxc2 {[%emt 0:00:01]} a4 {
[%emt 0:00:08]} 44. Kd3 {[%emt 0:00:10]} Nd7 {[%emt 0:00:14]} 45. Kc4 {
[%emt 0:00:45]} b3 {[%emt 0:00:06]} 46. axb3 {[%emt 0:00:12]} axb3 {
[%emt 0:00:07]} 47. Kxb3 {[%emt 0:00:04]} Ne5 {[%emt 0:00:06]} 48. g5 {
[%emt 0:01:25]} Nf3 {[%emt 0:00:12]} 0-1

[Event "Tournoi MI ECAM LaSalle Lyon 2024"]
[Site "France, Lyon"]
[Date "2024.04.27"]
[Round "8.5"]
[White "Dgebuadze, Alexandre"]
[Black "Dudognon, Thibault"]
[Result "1/2-1/2"]
[WhiteElo "2449"]
[BlackElo "2415"]
[PlyCount "21"]
[EventDate "2024.04.??"]
[EventType "tourn"]

1. c4 {[%emt 0:00:26]} c5 {[%emt 0:04:24]} 2. Nc3 {[%emt 0:00:38]} Nc6 {
[%emt 0:00:43]} 3. g3 {[%emt 0:00:14]} g6 {[%emt 0:00:25]} 4. Bg2 {
[%emt 0:00:21]} Bg7 {[%emt 0:00:20]} 5. d3 {[%emt 0:00:28]} d6 {[%emt 0:02:14]}
6. Bd2 {[%emt 0:01:27]} e6 {[%emt 0:02:40]} 7. Rb1 {[%emt 0:05:36]} Nge7 {
[%emt 0:00:17]} 8. a3 {[%emt 0:00:13]} a5 {[%emt 0:02:40]} 9. Nf3 {
[%emt 0:04:06]} O-O {[%emt 0:01:49]} 10. O-O {[%emt 0:02:41]} h6 {
[%emt 0:06:34]} 11. Ne1 {[%emt 0:04:17]} 1/2-1/2

[Event "Tournoi MI ECAM LaSalle Lyon 2024"]
[Site "France, Lyon"]
[Date "2024.04.28"]
[Round "9.2"]
[White "Peng, Li Min"]
[Black "Mathieu, Phileas"]
[Result "1-0"]
[WhiteElo "2544"]
[BlackElo "2325"]
[PlyCount "45"]
[EventDate "2024.04.??"]
[EventType "tourn"]

1. d4 d5 2. c4 c6 3. Nf3 Nf6 4. e3 e6 5. Nbd2 Bd6 6. Bd3 Nbd7 7. O-O O-O 8. e4
e5 9. cxd5 cxd5 10. Re1 Re8 11. exd5 exd4 12. Rxe8+ Qxe8 13. Nc4 Bc5 14. d6 b5
15. Na5 Qf8 16. Bf4 a6 17. Qc2 Bb4 18. Be4 Nxe4 19. Qxe4 Rb8 20. Nc6 Bb7 21.
Ng5 Nf6 22. Ne7+ Kh8 23. Qxd4 1-0

[Event "Tournoi MI ECAM LaSalle Lyon 2024"]
[Site "France, Lyon"]
[Date "2024.04.28"]
[Round "9.1"]
[White "Roux, Baptiste"]
[Black "Dgebuadze, Alexandre"]
[Result "1-0"]
[WhiteElo "2361"]
[BlackElo "2449"]
[PlyCount "55"]
[EventDate "2024.04.??"]
[EventType "tourn"]

1. e4 {[%emt 0:17:13]} e6 {[%emt 0:00:29]} 2. d4 {[%emt 0:00:05]} d5 {
[%emt 0:00:05]} 3. Nd2 {[%emt 0:02:11]} Ne7 {[%emt 0:01:25]} 4. Ngf3 {
[%emt 0:02:49]} Nd7 {[%emt 0:00:43]} 5. Bd3 {[%emt 0:01:40]} g6 {[%emt 0:00:12]
} 6. O-O {[%emt 0:01:07]} Bg7 {[%emt 0:00:08]} 7. Re1 {[%emt 0:01:25]} O-O {
[%emt 0:00:32]} 8. c3 {[%emt 0:02:21]} c5 {[%emt 0:00:47]} 9. e5 {
[%emt 0:04:13]} Nc6 {[%emt 0:00:18]} 10. b3 {[%emt 0:02:17]} f6 {[%emt 0:08:50]
} 11. exf6 {[%emt 0:00:47]} Qxf6 {[%emt 0:00:43]} 12. Bb2 {[%emt 0:03:10]} e5 {
[%emt 0:05:37]} 13. c4 {[%emt 0:05:58]} exd4 {[%emt 0:20:50]} 14. cxd5 {
[%emt 0:00:20]} Nb4 {[%emt 0:02:27]} 15. Ne4 {[%emt 0:04:50]} Qd8 {
[%emt 0:00:08]} 16. Bc4 {[%emt 0:01:00]} b5 {[%emt 0:14:22]} 17. Bxb5 {
[%emt 0:01:55]} Nb6 {[%emt 0:00:17]} 18. h3 {[%emt 0:18:52]} Bf5 {
[%emt 0:09:45]} 19. Nxc5 {[%emt 0:04:18]} Qxd5 {[%emt 0:08:07]} 20. Rc1 {
[%emt 0:08:41]} Nxa2 {[%emt 0:16:28]} 21. Bc4 {[%emt 0:01:46]} Nxc4 {
[%emt 0:00:05]} 22. Rxc4 {[%emt 0:00:04]} Bxh3 {[%emt 0:03:27]} 23. Bxd4 {
[%emt 0:07:39]} Rad8 {[%emt 0:05:22]} 24. Re7 {[%emt 0:02:29]} Bf6 {
[%emt 0:00:21]} 25. Rxa7 {[%emt 0:00:41]} Bg4 {[%emt 0:00:38]} 26. Qa1 {
[%emt 0:01:13]} Bxf3 {[%emt 0:00:47]} 27. Bxf6 {[%emt 0:00:26]} Rd7 {
[%emt 0:00:31]} 28. Rxd7 {[%emt 0:00:16]} 1-0